00431nam a22001457a 450000500170000001000150001702000250003203500140005703700090007110000210008024500690010126000360017027000570020630000220026320240404124135.0 aENG-140035 a9789383657353c30.00 aEN-123567 bDBAD aHarris, Robert A aA Summary Critique of the Fact/value Dichotomy/cROBERT A Harris aNEW DELHIbCritical Questc2017 a420, G-Block Phase-6 Aya Nagar bNEW DELHIe110047 a39 P.c21 c.m(pb)